• 首页
  • 本馆介绍
  • 公告通知
  • 最新文献
  • 馆藏检索
  • 电子资源
  • 读者导购
  • 参考咨询
  • 我的图书馆
  • 登录
  • 详细信息显示
  • 放入我的书架
  • 预约/预借图书
  • 作者相关作品
  • 分类相关作品
  • 丛书相关作品
  • 出版社相关作品

书目信息

  • 表格格式
  • 工作单格式
  • 卡片格式
题名:
解读《实践论》
    
 
作者: 杨庆才 , 孙旭 编著
分册:  
出版信息: 长春   吉林出版集团有限责任公司  2019
页数: 186页
开本: 21cm
丛书名:
单 册:
中图分类: A841.24
科图分类:
主题词:
电子资源:
ISBN: 978-7-5534-2642-6
000 01021nam0 2200253 45
001 012001011998
005 20140103150023.0
010    @a978-7-5534-2642-6@dCNY29.70
100    @a20190510e20152014em y0chiy0110 ea
101 0  @achi
102    @aCN@b220000
105    @aa z 000yy
106    @ar
200 1  @a解读《实践论》@9jie du《shi jian lun》@f杨庆才,孙旭编著
210    @a长春@c吉林出版集团有限责任公司@d2019
215    @a186页@c图@d21cm
300    @a中国特色社会主义理论体系党员干部学习读本 全国马克思主义经典著作解读优秀图书 全国中小学图书馆配书工程重点图书 马克思主义简明读本
330    @a本书共分为历史解读、理论解读和价值解读三个部分,阐述了《实践论》的创作背景、《实践论》中的实践理论、《实践论》中的认识理论、《实践论》中的认识与实践相统一的思想以及《实践论》的贡献与价值。
605    @a《实践论》@x毛泽东著作研究
690    @aA841.24@v5
701  0 @a杨庆才@9yang qing cai@f(1946.9-)@4编著
701  0 @a孙旭@9sun xu@4编著
801  0 @aCN@b上海新华@c20191020
905    @b1139221-4@dA841.24@e181@f4
    
    解读《实践论》/杨庆才,孙旭编著.-长春:吉林出版集团有限责任公司,2019
    186页:图;21cm
    中国特色社会主义理论体系党员干部学习读本 全国马克思主义经典著作解读优秀图书 全国中小学图书馆配书工程重点图书 马克思主义简明读本
    
    ISBN 978-7-5534-2642-6:CNY29.70
    本书共分为历史解读、理论解读和价值解读三个部分,阐述了《实践论》的创作背景、《实践论》中的实践理论、《实践论》中的认识理论、《实践论》中的认识与实践相统一的思想以及《实践论》的贡献与价值。
●
相关链接 在E读中查询图书 在五车中查询图书 在当当中查询图书 在豆瓣中查询图书


正题名:解读《实践论》     索取号:A841.24/181         预约/预借

序号 登录号 条形码 馆藏地/架位号 状态 备注
1 1139221   211392214   第一样本阅览室/ [索取号:A841.24/181] 在馆    
2 1139222   211392223   第一借阅区/ [索取号:A841.24/181] 在馆    
3 1139223   211392232   第一借阅区/ [索取号:A841.24/181] 在馆    
4 1139224   211392241   第一借阅区/ [索取号:A841.24/181] 在馆    
唐山师范学院图书馆 欢迎您!
大连网信软件有限公司© 版权所有